Un numidio siempre actual: Agustín de Tagaste

Sparad:
Bibliografiska uppgifter
Huvudupphovsman: Hallet Collard, Carlos (autor)
Materialtyp: Bok
Språk:spanska
Publicerad: Antofagasta Universidad Católica del Norte 2003
Ämnen:
Taggar: Lägg till en tagg
Inga taggar, Lägg till första taggen!

MARC

LEADER 00000nam a2200000 a 4500
001 UCH2821
003 CL-VaPUC
008 090702e20030000CL |||||||||||||||||spa|d
020 |a 9562871339 
082 0 4 |a 189.4  |b HAL  |2 21 
100 |a Hallet Collard, Carlos  |e autor  |9 814651 
245 1 3 |a Un numidio siempre actual: Agustín de Tagaste 
300 |a 53 p 
942 |c BK 
945 |d 20090702 00:00:00  |a rbrito 
260 |a Antofagasta  |b Universidad Católica del Norte  |c 2003 
600 0 |a San Agustín de Hipona  |x Teólogo y filósofo cristiano   |9 311590 
650 0 |a Escolástica  |9 345541 
650 0 |a Biografías  |9 255210 
583 |a last modification  |c 20090702 00:00:00  |k Rodrigo Vera 
999 |c 334511  |d 334509 
952 |0 0  |1 0  |4 0  |6 189_400000000000000_HAL_2003  |7 0  |8 A  |9 423591  |a BIBTEO  |b BIBTEO  |d 2019-11-22  |i 4569962  |o 189.4 HAL 2003  |p 4569962  |r 2025-01-17  |w 2019-11-22  |y BK  |k ICR